000 00860cam a22002537a 4500
001 14656786
005 20241018124230.0
008 061205s2007 moua b 001 0 eng d
020 _a032303764X (pbk.)
020 _a9780323037648 (pbk.)
020 _a9780323037648
050 0 0 _aRM216
_b.S358 2007
082 0 4 _a613.2
_222
100 1 _aSchlenker, Eleanor D.
245 1 0 _aWilliams' essentials of nutrition and diet therapy.
250 _a9th ed. /
_bEleanor D. Schlenker, Sara Long.
260 _aSt. Louis :
_bMosby Elsevier,
_cc2007.
300 _axx, 807 p. :
_bcol. ill. ;
_c28 cm. +
_e1 CD-ROM (4 3/4 in)
500 _aPrevious ed.: published as Essentials of nutrition and diet therapy by Sue Rodwell Williams. St. Louis, Mo.: Mosby, 2003.
650 0 _aNutrition.
650 0 _aDiet therapy.
700 1 _aRoth, Sara Long.
942 _2lcc
_cBK
_n0
999 _c51
_d51